000 00611nam a22001937a 4500
005 20141127153048.0
010 _aENG-111232
020 _a9789350532584
_c850.00
035 _aEN-94764
037 _bDBAD/PUB
082 _a305.56880954
100 _aThakur, Sanjeet
245 _aDalit struggle for self liberation /
_cby Sanjeet Thakur
260 _aNew Delhi
_bCyber Tech Publications
_c2014
270 _a4264/3, Ansari Road, Darya Ganj
_bNew Delhi
_e110002
300 _avii, 248p.
_c22cm(Hb)
500 _aIncludes bibliographical references
942 _2ddc
_cEN
_mTHA
_h305.56880954
999 _c90046
_d90046